The new Tokyo main office : Computerized newspaper production system

保存先:
書誌詳細
フォーマット: 図書
言語:Undetermined
出版事項: [Tokyo] Asahi Shimbun 1980
主題:
タグ: タグ追加
タグなし, このレコードへの初めてのタグを付けませんか!
Thư viện lưu trữ: Trung tâm Học liệu Trường Đại học Cần Thơ
LEADER 00494nam a2200181Ia 4500
001 CTU_94236
008 210402s9999 xx 000 0 und d
082 |a 338.4 
082 |b N532 
245 4 |a The new Tokyo main office : 
245 0 |b Computerized newspaper production system 
260 |a [Tokyo] 
260 |b Asahi Shimbun 
260 |c 1980 
650 |a Computer industry,New products 
650 |z Japan 
904 |i Năm 
980 |a Trung tâm Học liệu Trường Đại học Cần Thơ